| 000 | 00479nam a22001697a 4500 | ||
|---|---|---|---|
| 100 | _aQi, D. | ||
| 245 | _aThe main service functions and driving forces of rubber (Hevea brasiliensis) plantation ecosystem in China | ||
| 260 | _bJournal of Rubber Research, 26(2): 2023. 155-164. | ||
| 300 | _bMay | ||
| 650 | _aServing function | ||
| 650 | _aLatex and rubber wood | ||
| 650 | _aDriving force | ||
| 700 | _aYang, C. | ||
| 700 | _aYun, T. | ||
| 700 | _aWu, Z. | ||
| 942 | _cJS | ||
| 999 |
_c75255 _d75255 |
||